000 00839nam a2200241Ia 4500
003 OSt
005 20220923212719.0
006 a|||||r|||| 00| 0
007 ta
008 220922b |||||||| |||| 00| 0 hin d
024 _a155,523
037 _cTextual
040 _aARTS
_cARTS
_bhin
041 _2hin
_ahin
082 _aO15,2D35,16, 152L7
100 _aभास
_9159533
245 0 _aदूतवाक्यम् का हिन्दी रूपान्तर, अनु हरिवंश अनेजा
246 _aDūtavākyam kā hindī rūpāntara, anu0 harivansha anejā
260 _aनई दिल्ली
_b कादम्बरी प्रकाशन
_c1977
300 _a54 पृ.
_ccm.
942 _hO15,2D35,16, 152L7
_cTEXL
_2CC
999 _c311024
_d311024